00805cam a22002777a 4500003000500000005001700005008004100022010000900063011000900072035000900081040000900090082001700099100002200116245003000138260004400168300002000212490005600232650003000288650001900318650002400337650002200361650002300383700002000406700002800426830007300454CHAP20230614125646.0971013s1988 r 00010 d a1025 a1997 a1182 cCHAP a634.0913bJ300aJagtiani, Jethro. 0aTropical fruit processing aSan Diego, Ca. :bAcademic Press,c1988 a184 p.b: ilus. 0aFood science and technology. A series of monographs14aFruticulturaxTrópicos.14aGranada china.14aGuayabaxProcesado.14aMangoxProcesado.14aPapayaxProcesado.0 aChan, Harvey T.0 aSakai, William Shigeru.0 aFood science and technology. A series of monographs (Academic Press)